| 000 | 00904nam a2200229 a 4500 | ||
|---|---|---|---|
| 001 | 47443 | ||
| 003 | BD-RjUL | ||
| 005 | 20211209054320.0 | ||
| 008 | 160808s1984 ru |||| ||| 000 0 ben d | ||
| 035 | _a(BD-RjUL) 47562 | ||
| 040 |
_aBD-RjUL _bben _cBD-RjUL |
||
| 041 | _aben | ||
| 082 |
_223 _a335.43 _bLEG 1984 |
||
| 100 | 1 |
_aলেলিন, ভ. ই. _9144204 |
|
| 245 | 1 | 0 |
_aগণতান্ত্রিক বিপ্লবে সোশ্যাল-ডেমোক্রাসির দুই রণকৌশল / _cভ. ই. লেলিন : সম্পাদনা : ননী ভৌমিক |
| 260 |
_aমস্কো : _bপ্রগতি প্রকাশনী, _c১৯৮৪ |
||
| 300 |
_a১৫৭ পৃ. ; _c২০ সেমি. |
||
| 650 |
_aসাম্যবাদ _9144283 |
||
| 650 |
_aCommunism _9144284 |
||
| 700 |
_aভৌমিক, ননী _9144285 |
||
| 942 |
_2ddc _cBK |
||
| 999 |
_c47443 _d47443 |
||